<?xml version="1.0" encoding="UTF-8"?>
<record
    xmlns:xsi="http://www.w3.org/2001/XMLSchema-instance"
    xsi:schemaLocation="http://www.loc.gov/MARC21/slim http://www.loc.gov/standards/marcxml/schema/MARC21slim.xsd"
    xmlns="http://www.loc.gov/MARC21/slim">

  <leader>01228cam a2200253 a 4500</leader>
  <controlfield tag="001">11887666</controlfield>
  <controlfield tag="005">20220326193305.0</controlfield>
  <controlfield tag="008">000112s1999    ve a          000 0 spa  </controlfield>
  <datafield tag="010" ind1=" " ind2=" ">
    <subfield code="a">   00274916 </subfield>
  </datafield>
  <datafield tag="020" ind1=" " ind2=" ">
    <subfield code="a">9802332119</subfield>
  </datafield>
  <datafield tag="040" ind1=" " ind2=" ">
    <subfield code="a">DLC</subfield>
    <subfield code="c">DLC</subfield>
  </datafield>
  <datafield tag="082" ind1=" " ind2=" ">
    <subfield code="a">708</subfield>
    <subfield code="b">Z54b</subfield>
  </datafield>
  <datafield tag="100" ind1="1" ind2=" ">
    <subfield code="a">Zerpa, Carlos,</subfield>
    <subfield code="d">1950-</subfield>
    <subfield code="9">1704</subfield>
  </datafield>
  <datafield tag="245" ind1="1" ind2="0">
    <subfield code="a">Batido ping&#xFC;ino :</subfield>
    <subfield code="b">seis historias y una entrevista /</subfield>
    <subfield code="c">Carlos Zerpa.</subfield>
  </datafield>
  <datafield tag="260" ind1=" " ind2=" ">
    <subfield code="a">Valencia, Venezuela :</subfield>
    <subfield code="b">Universidad de Carabobo, Direcci&#xF3;n de Cultura, Galer&#xED;a Universitaria Braulio Salazar,</subfield>
    <subfield code="c">1999.</subfield>
  </datafield>
  <datafield tag="300" ind1=" " ind2=" ">
    <subfield code="a">89 p. :</subfield>
    <subfield code="b">ill. ;</subfield>
    <subfield code="c">22 cm.</subfield>
  </datafield>
  <datafield tag="500" ind1=" " ind2=" ">
    <subfield code="a">Writings to accompany an exhibition of paintings by the author held at the Galer&#xED;a Braulio Salazar in Venezuela.</subfield>
  </datafield>
  <datafield tag="505" ind1=" " ind2=" ">
    <subfield code="t">He Aqu&#xED;</subfield>
    <subfield code="t">Licuado </subfield>
    <subfield code="t">Las ni&#xF1;as del Coum me obsesionan </subfield>
    <subfield code="t">S&#xED;... &#xA1;Pero mucha fantas&#xED;a!</subfield>
    <subfield code="t">C&#xF3;metelo crudo y si esta vivo mejor </subfield>
    <subfield code="t">Gustos perversos por los muebles </subfield>
    <subfield code="t">Arte comestible </subfield>
    <subfield code="t">El auto retrato </subfield>
    <subfield code="t">Zoo/Entrevista</subfield>
  </datafield>
  <datafield tag="650" ind1=" " ind2="0">
    <subfield code="a">Arts, Modern</subfield>
    <subfield code="y">20th century.</subfield>
    <subfield code="9">1546</subfield>
  </datafield>
  <datafield tag="650" ind1=" " ind2="0">
    <subfield code="a">Art and society.</subfield>
    <subfield code="9">200</subfield>
  </datafield>
  <datafield tag="700" ind1=" " ind2=" ">
    <subfield code="a">Zerpa, Carlos,</subfield>
    <subfield code="9">1705</subfield>
  </datafield>
  <datafield tag="906" ind1=" " ind2=" ">
    <subfield code="a">7</subfield>
    <subfield code="b">cbc</subfield>
    <subfield code="c">orignew</subfield>
    <subfield code="d">3</subfield>
    <subfield code="e">ncip</subfield>
    <subfield code="f">20</subfield>
    <subfield code="g">y-gencatlg</subfield>
  </datafield>
  <datafield tag="999" ind1=" " ind2=" ">
    <subfield code="c">359</subfield>
    <subfield code="d">359</subfield>
  </datafield>
  <datafield tag="952" ind1=" " ind2=" ">
    <subfield code="0">0</subfield>
    <subfield code="1">0</subfield>
    <subfield code="2">ddc</subfield>
    <subfield code="4">0</subfield>
    <subfield code="7">0</subfield>
    <subfield code="a">LV</subfield>
    <subfield code="b">LV</subfield>
    <subfield code="c">Pensamiento</subfield>
    <subfield code="d">2014-11-21</subfield>
    <subfield code="l">0</subfield>
    <subfield code="o">708 Z54b</subfield>
    <subfield code="p">000551</subfield>
    <subfield code="r">2014-11-21 00:00:00</subfield>
    <subfield code="w">2014-11-21</subfield>
    <subfield code="y">01</subfield>
  </datafield>
</record>
